Verfasser:
In: Studia Łomżyńskie, Band 14 (2003), Seite 302-303
alle Artikel anzeigen
Veröffentlicht: 2003
Format: Aufsatz
Sprache: Polnisch
Kein Bild verfügbar
X
alg: 39481545
001A    $01999:12-11-16 
001B    $01999:03-08-21 $t21:03:13.000 
001D    $01999:12-11-16 
001U    $0utf8 
001X    $00 
002@    $0Aox 
003@    $0394815459 
007A    $0394815459 $aHEB 
007T    $0Herdc0030143m 
010@    $apol 
011@    $a2003 
028A    $aGwardiak $dJanusz 
031A    $d14 $h302-303 $j2003 
039B    $aIn $8--Abvc--. Studia Łomżyńskie. - Łomża : LTN, 1989-. - ISSN 0860-7249 $x200300000140000698 $922006993X 
045F    $a900.9438 $eDDC23BSB 
045F/01 $a900 
045F/03 $g438 

lok: 39481545 78

exp: 39481545 78 1 #EPN
201B/01 $018-11-16 $t12:49:31.000 
201U/01 $0utf8 
203@/01 $0791114058 
208@/01 $a12-11-16 $be 
209A/01 $a/ $f000 $x00 
220C/01 $aTitelaufnehmer: pbb 
220C/01 $aHerkunft: IH PAN/PBB Kraków 
220C/01 $aAnmerkung: Rec.: ; Gwardiak Janusz. , Studia Łomżyńskie. T. 14. 2003, . , . 302-303 
244Z/01 $2Trx $#Poola $#Lenkija $#Polija $#Polen Land $#Poland $#Lengyelország $#Poľsko $#Polsko $8--Trx--Polska$gkraj $x01 $9391345966 
244Z/01 $2Trx $#arvustused $#recenzijos $#Reviews $#recenziók $#recenzje $#recenzie $#recenze $8--Trx--Rezensionen $x02 $9391357441 
247C/01 $82080>Marburg/Lahn, Herder-Institut, Forschungsbibliothek, Bibliographieportal $9336309341
LEADER 00000caa a22000002c 4500
001 394815459
003 DE-603
005 20210803210313.0
007 tu
008 161112s2003 xx |||| | u00||u|pol c
035 |a (DE-599)HEB394815459 
040 |a DE-603  |b ger  |c DE-603  |d DE-603 
041 |a pol 
082 0 4 |8 1\u  |a 900.9438  |q DE-101  |2 23/BSB 
085 |8 1\u  |b 900 
085 |8 1\u  |z 2  |s 438 
100 1 |a Gwardiak, Janusz 
264 0 |c 2003 
773 0 8 |i In  |t Studia Łomżyńskie  |d Łomża : LTN, 1989-  |x 0860-7249  |g Band 14 (2003), Seite 302-303  |w (DE-603)22006993X  |w (DE-600)2535583-1 
924 0 |9 2080  |a (DE-603)791114058  |b DE-2080  |c HES  |d d  |g /